000 nam a22 7a 4500
999 _c10844
_d10844
008 180226b ||||| |||| 00| 0 eng d
100 _aDutt,D.etal.
_96669
245 _aPathfinders Cinema
260 _aNew Delhi
_bSAGE
_c2015